Distribution par images - Mystère à Saint-Tropez - Statistiques

Statistiques générales
  • Ce quiz a été pris 26 fois
  • Le résultat moyen est 6 sur 9
Statistiques - réponses
Par images Hint Réponse % Correct
Jean Boulin Christian Clavier
96%
Maurice Lefranc Gérard Depardieu
96%
Claude Tranchant Benoît Poelvoorde
83%
Yves Lamarque Thierry Lhermitte
79%
Cyril Jérôme Commandeur
71%
Andreas Kalamannis Vincent Desagnat
58%
Carmen Rossy de Palma
46%
Gabriel Gil Alma
42%
Eliane Tranchant Virginie Hocq
42%
Aucun quiz correspondant
Distribution des résultats
% des personnes avec chaque résultat
Percentile par nombre de réponses
Votre historique - résultats
Vous n’avez pas pris ce quiz